000 00923nas a2200301 4500
001 BR9800284
003 BR-BrBNA
005 20231205100700.0
007 ta
008 230509b bl.|||p| |||| 00| 00por d
040 _aBR-BrBNA
_bpor
_cBiblioteca Nacional de Agricultura
041 _a(Pt)
072 _aL51
100 1 _aAlvarenga, R.C. de
100 1 _aLeao, M.I.
100 1 _aQueiroz, A.C. de
100 1 _aValadares Filho, S. de C.
100 1 _aThiebaut, J.T.L.
100 1 _aGoncalves, L.C.
245 1 _aFluxo de materia seca ileal e metodologias de coletas para amostragem da digesta em equinos fistulados
650 _aEquino
650 _aMateria Seca
650 _aAmostragem
650 _aDigestao
773 0 _tRevista Brasileira de Zootecnia (Brazil)
_xISSN 0100-4859
_g(Jul-Aug 1997), v. 26(4) p. 726-735
_wBR9800284
909 _a202311
_bLúcia
_c55
_dLúcia Elande
942 _2AGRIS
_n0
_cANA
999 _c157438
_d157438